ბათუმის შოთა რუსთაველის სახელმწიფო უნივერსიტეტის ბიბლიოთეკა

Japanese for Busy People Book 1 (ბიბ.ჩანაწერი № 63982)

000 -ლიდერი
ფიქსირებული სიგრძის საკონტროლო ველი 00649nam a22001937a 4500
003 - საკონტროლო ნომრის იდენტიფიკატორი
საკონტროლო ველი Ge_BSU
005 - ბოლო ოპერაციის თარიღი და დრო
საკონტროლო ველი 20260302180818.0
008 - ფიქსირებული სიგრძის მონაცემთა ელემენტები - ზოგადი ინფორმაცია
ფიქსირებული სიგრძის საკონტროლო ველი 260302s2022 enk||||| |||| 00| 0 eng d
020 ## - წიგნის საერთაშორისო სტანდარტული ნომერი
International Standard Book Number 9781568366197x
041 ## - ენის კოდი
Language code of text/sound track or separate title eng
080 ## - უნივერსალური ათობითი კლასიფიკაციის ინდექსი
Universal Decimal Classification number 811.521 J-24
245 ## - ცნობა სათაურის შესახებ
Title Japanese for Busy People Book 1
Remainder of title Association for Japanese-Language Teaching (AJALT).
250 ## - გამოცემის ცნობა
Edition statement Revised 4th Edition
264 ## - წარმოების, გამოცემის, დისტრიბუციის და სხვა ცნობები
გამოცემის, წარმოების, დისტრიბუციის... ადგილი New York :
გამოცემის, წარმოების, დისტრიბუციის... სახელწოდება Kodansha USA,
გამოცემის, წარმოების, დისტრიბუციის... თარიღი 2022.
300 ## - ფიზიკური აღწერა
Extent 270 p.:
Other physical details ill.;
Dimensions 28 cm.
440 ## - სერიის ცნობა / დამატებულია ჩანაწერი - სათაური
Title Brend new Edition of the best-selling Textbook
9 (RLIN) 27039
653 ## - INDEX TERM--UNCONTROLLED
Uncontrolled term იაპონური ენის სწავლება
942 ## - ADDED ENTRY ELEMENTS (KOHA)
Source of classification or shelving scheme
Koha item type წიგნი
ეგზემპლარები
ჩამოწერის სტატუსი დაკარგული ეგზემპლარის სტატუსი კლასიფიკაციის წყარო ან თაროზე გაწყობის სქემა დაზიანების სტატუსი არ გაიცემა მუდმივი მდებარეობა (დაცვის ადგილი) ამჟამინდელი ადგილსამყოფელი თაროზე განთავსების ადგილი შეძენის თარიღი ღირებულება, შესყიდვის ნორმალური ფასი სრული შენახვის შიფრი შტრიხკოდი ბოლო ოპერაციის თარიღი ეგზემპლარის მიმდევრობითი ნომერი (კეტერი?) Uniform Resource Identifier ფასის ძალაში შესვლის თარიღი ეგზემპლარის სახეობა საჯარო შენიშვნა
          ბათუმის შოთა რუსთაველის სახელმწიფო უნივერსიტეტის მთავარი ბიბლიოთეკა ბათუმის შოთა რუსთაველის სახელმწიფო უნივერსიტეტის მთავარი ბიბლიოთეკა წიგნსაცავი 2026-03-02 18.00 811.521 J-24 73857 2026-03-02 73857 იაპონიის ელჩის საჩუქარი 2026-03-02 წიგნი 18 ლ.